000
00202 a2200097 4500
001
12960
100
_a
Cann,J
245
_a
Great Ghost Stories
260
_a
_b
Chancellor Press
_c
090
_c
9959
_d
9959
942
_a
NUST-CAE
_c
M
_c
36887
999
_c
248033
_d
248033